000 00476nam a2200181Ia 4500
003 GCL
008 140319s9999 xx 000 0 eng d
040 _aGCL /
_cGCL
082 0 4 _aCC
_b050.941
_bD V
100 1 _aVIVAN, DENON
245 1 0 _aVOYAGE DANS LA BASSE ET LA HAUTE EGYPTE, VOLUME 2 - PLANCHES /
_cVIVAN, DENON
260 _a[S.N] :
_bI.F.A.O ،
_c1990
300 _a141 DOUBLE
650 0 4 _aEGYPT
650 0 4 _aCOLLECTIONS
650 0 4 _aTRAVEL
942 _2ddc
_cBK
999 _c17831
_d17831